000 00292nam a22001217a 4500
008 180425b xxu||||| |||| 00| 0 eng d
041 _aeng
080 _a043.3
100 _a0
101 _aSHKI-MTH
245 _aAnaliza e zhvillimit të sistemeve biometrike
_cXheladini,A
942 _2udc
_cBK
999 _c45547
_d45547